Estadísticas para Formas de Países que Comienzan con I

Haz click aquí para tomar la prueba!

Estadísticas generales

  • Esta prueba ha sido tomada 2.310 veces
  • La puntuación promedio es 9 de 10

Estadísticas de respuestas

Respuesta% Correcto
Italia
99%
Indonesia
98%
Islandia
97%
India
96%
Irlanda
90%
Irán
86%
Irak
85%
Israel
79%
Islas Marshall
78%
Islas Salomón
78%

Distribución de puntuación

Porcentaje por número respondido

Porcentaje de gente con cada puntuación

Historial de tus puntuaciones

No has tomado esta prueba